Biblioteca

The development of Greek and the New Testament : (Registro nro. 66817)

Detalles MARC
000 -LÍDER
Campo fijo de descripción fija 02375nam a2200337 i 4500
001 - NÚMERO DE CONTROL
Campo de control 768714001
003 - IDENTIFICADOR DEL NÚMERO DE CONTROL
Campo de control CO-MdFUSB
005 - FECHA Y HORA DE LA ULTIMA TRANSACCIÓN
control field 20220309101552.0
007 - CAMPO FIJO DE DESCRIPCIÓN FIJA--INFORMACIÓN GENERAL
Campo fijo de descripción fija ta
008 - ELEMENTOS DE LONGITUD FIJA -- INFORMACIÓN GENERAL
Campo fijo de descripción fija -- Información general 210813t20042006-us |||| |||| 00| 0 eng d
020 ## - NÚMERO INTERNACIONAL NORMALIZADO PARA LIBROS
Número Internacional Normalizado del libro 9780801032301
040 ## - FUENTE DE CATALOGACIÓN
Agencia de catalogación original CO-MdFUSB
Idioma de catalogación spa
Agencia que realiza la transcripción CO-MdFUSB
Agencia que realiza la modificación CO-MdFUSBC
Convenciones de la descripción rda
041 ## - CÓDIGO DE IDIOMA
Código de idioma para texto/pista de sonido o título separado eng
082 ## - NÚMERO DE CLASIFICACIÓN DECIMAL DEWEY
Número de la edición del Dewey 23
Número de clasificación 487.4
Clave de autor-Numero de item C258
100 ## - ASIENTO PRINCIPAL--NOMBRE PERSONAL
Nombre personal Caragounis, Chrys C.,
Término relacionador autor
245 14 - TÍTULO
Título del Material The development of Greek and the New Testament :
Parte restante del título - Subtitulo morphology, syntax, phonology, and textual transmission
Mención de responsabilidad, etc. / Chrys C. Caragounis
264 #1 - PRODUCCIÓN, PUBLICACIÓN, DISTRIBUCIÓN, MANUFACTURA, Y COPYRIGHT
Lugar de producción, publicación, distribución, manufactura Estados Unidos :
Nombre del productor, publicador, distribuidor Baker Academic,
Fecha de producción, publicación, distribución, manufactura, o copyright [2006]
264 #4 - PRODUCCIÓN, PUBLICACIÓN, DISTRIBUCIÓN, MANUFACTURA, Y COPYRIGHT
Fecha de producción, publicación, distribución, manufactura, o copyright © 2006
300 ## - DESCRIPCIÓN FÍSICA
Extensión 732 páginas
Dimensiones ; 23 cm
336 ## - TIPO DE CONTENIDO
Fuente rdacontent
Término de tipo de contenido texto
Código de tipo de contenido txt
337 ## - TIPO DE MEDIO
Fuente rdamedia
Nombre del tipo de medio sin mediación
Código del tipo de medio n
338 ## - TIPO DE SOPORTE
Fuente rdacarrier
Nombre del tipo de soporte volumen
Código Tipo de soporte nc
505 ## - NOTA DE CONTENIDO
Nota de contenido con formato preestablecido PARTE 1: Evolución y relevancia - La unidad y evolución de la lengua griega - La relevancia del griego posterior para el Nuevo Testamento -- PARTE 2: Desarrollos en morfología y sintaxis - La transición del ático al neohelénico en morfología y el Nuevo Testamento - Desarrollos sintácticos - El significado de los desarrollos para la exégesis del Nuevo Testamento -- PARTE 3: Pronunciación, comunicación y transmisión textual - La pronunciación griega histórica y la dicotomía del lenguaje - La acústica dimensión en la comunicación - El impacto de la pronunciación griega histórica en la transmisión del texto del Nuevo Testamento.
520 ## - NOTA DE RESUMEN, ETC.
Nota de sumario, etc. La introducción de la pronunciación erasmiana en 1528 tuvo dos consecuencias nefastas: el griego se dividió en antiguo y moderno, una división que llevó al descuido de los períodos posteriores del idioma, y ​​la pronunciación aplicada hizo imposible la detección de muchos aspectos comunicativos y oscureció muchos problemas críticos con el texto. Chrys C. Caragounis defiende la unidad de la lengua griega desde la época micénica hasta el presente. El Nuevo Testamento aparece durante el tiempo de transición (335 a. C. - 565 d. C.) del griego antiguo al moderno. El análisis morfológico y sintáctico muestra que en muchos puntos importantes el Nuevo Testamento puede ser dilucidado por el griego posterior, hasta el neohelénico
563 ## - NOTA DE ENCUADERNACIÓN
Nota de encuadernación Rústico
630 07 - TITULO UNIFORME
Título uniforme Biblia.
Nombre de parte o sección de la obra Nuevo Testamento
653 ## - TÉRMINO DE INDIZACIÓN - NO CONTROLADO
Término no controlado Griego
942 ## - TIPO DE MATERIAL (KOHA)
Tipo de Item KOHA Libros General
945 ## - INFORMACIÓN LOCAL DEL REGISTRO
Catalogador JTF-925
Existencias
Estado de Material Estado de Perdido Forma de Clasificación Estado de Dañado No para Préstamo Colección Biblioteca de Origen Biblioteca Permanente Fecha de Adquisición Área Total de Préstamos Signatura Topográfica Código de Barras Última vez visto Última vez Préstado Ejemplar/Existencia Fecha de Remplazo Tipo de Material
    Dewey Decimal Classification     Colección General Biblioteca FUSBC Biblioteca FUSBC 13/08/2021 BIBLIA 1 G 487.4 C258d 14343 17/02/2023 11/02/2023 Ej. 1 13/08/2021 Libros General

Biblioteca FUSBC | Teléfono: (57+4) 349 88 10 Ext. 141| WhatsApp (+57) 3005338115 
E-mail: biblioteca@unisbc.edu.co | Calle 76 87-14 Robledo Palenque, Medellín, Colombia

Con tecnología Koha